000 00223nam a2200097Ia 4500
005 20251222175819.0
008 251222s9999||||xx |||||||||||||| ||spa||
082 _aDVD0070/D75/2008
245 0 _aLa ola:Die Welle
942 _cDVD
999 _c40433
_d40433